000 00590nam a2200193Ia 4500
005 20250326144856.0
008 250326s9999 xx 000 0 und d
020 _a81-242-0405-5
037 _aTextbook
040 _aFMSL
_beng
_cFMSL
041 _aeng
_2eng
084 _aX:89M P3
_qFMSL
100 _aRoberts-phelps G
_9744221
245 0 _aTime management : working smarter getting more done with less effort, time and stress
_cRoberts-phelps G
260 _aNew Delhi
_bNew Delhi, Crest
_c2003
300 _a281p
942 _cTB
_hX:89M P3
999 _c1305419
_d1305419